Problematika tvorby súborov nápovied z prostredia WEB

Salvato in:
Dettagli Bibliografici
Autore principale: Královič, Roman, 1988- (Autore)
Altri autori: Nemlaha, Eduard, 1969- (Relatore della tesi)
Natura: Manoscritto Libro
Lingua:slovacco
Pubblicazione: Trnava : STU v Bratislave MTF UIAM, 2010
Soggetti:
Accesso online:VAIS
Tags: Aggiungi Tag
Nessun Tag, puoi essere il primo ad aggiungerne!!

MARC

LEADER 00000ntm a22000003a 4500
001 stu217703
005 20160719160409.2
008 101130s2010----xo------------------slo-d
040 |a STU  |b slo 
041 0 |a slo 
044 |a xo 
100 1 |a Královič, Roman,  |d 1988-  |4 aut  |X 48173  |7 A000048173 
242 0 0 |a The issue of creation of help files from the web environment  |y eng 
245 1 |a Problematika tvorby súborov nápovied z prostredia WEB 
260 |a Trnava :  |b STU v Bratislave MTF UIAM,  |c 2010 
650 7 |a aplikovaná informatika a automatizácia v priemysle  |2 stusub 
650 7 |a Applied Informatics and Automation in Industry  |2 estusub 
700 1 |a Nemlaha, Eduard,  |d 1969-  |4 ths  |u M6000  |U MTF Materiálovotechnologická fakulta  |T MTF Ústav aplikovanej informatiky, automatizácie a matematiky  |X 2759  |U M6000  |Y 86  |7 A000002759 
856 4 |a info a plný text  |u http://is.stuba.sk/zp/portal_zp.pl?podrobnosti=46781  |3 VAIS 
996 |c M*BP-4708  |l MMSKP  |s P  |a 0  |w stu217703_0001